[Event "17. Open de la Constitución 2015"]
[Site "San Sebastian de los Reyes ES"]
[Date "2015.12.02"]
[Round "3.3"]
[White "Perez Cameselle, Francisco"]
[Black "Soares, Erikson Roberto Mau"]
[Result "1/2-1/2"]
[WhiteElo "1904"]
[BlackElo "2226"]
[PlyCount "73"]
[EventDate "2015.11.30"]
[EventType "swiss"]
[EventRounds "9"]
[EventCountry "ESP"]
[Source "lmi"]
[SourceDate "2015.11.30"]

1. Nf3 d5 2. g3 Nf6 3. Bg2 g6 4. O-O Bg7 5. d3 O-O 6. Nbd2 c5 7. e4 Nc6 8. Qe2
Bg4 9. c3 d4 10. h3 Bxf3 11. Nxf3 dxc3 12. bxc3 Nd7 13. Bb2 Qa5 14. d4 Nb6 15.
e5 Rad8 16. Rfd1 Na4 17. Qc2 e6 18. Ng5 cxd4 19. cxd4 Nxb2 20. Qxb2 Nxd4 21. f4
Qa4 22. Kh2 b6 23. Rac1 f6 24. Rxd4 Qxd4 25. Qxd4 Rxd4 26. Nxe6 fxe5 27. Rc7
Bf6 28. Nxf8 Kxf8 29. Rxa7 exf4 30. gxf4 Rxf4 31. Rxh7 Bg7 32. Bd5 Rd4 33. Bb3
g5 34. Rh5 Be5+ 35. Kg2 Bf4 36. Rh7 Ke8 37. Kf3 1/2-1/2

[Event "17. Open de la Constitución 2015"]
[Site "San Sebastian de los Reyes ES"]
[Date "2015.12.02"]
[Round "3.4"]
[White "Quevedo Marin, Manuel"]
[Black "Hernandez Ramos, David"]
[Result "1-0"]
[WhiteElo "2204"]
[BlackElo "1886"]
[PlyCount "48"]
[EventDate "2015.11.30"]
[EventType "swiss"]
[EventRounds "9"]
[EventCountry "ESP"]
[Source "lmi"]
[SourceDate "2015.11.30"]

1. d4 g6 2. e4 Bg7 3. Nc3 d6 4. f4 Nf6 5. Nf3 O-O 6. Bd3 b6 7. Qe2 a5 8. e5 Ne8
9. Be3 Ba6 10. O-O-O d5 11. h4 h5 12. g4 hxg4 13. Ng5 Bh6 14. Qxg4 Bxd3 15.
Rxd3 Ng7 16. h5 Bxg5 17. hxg6 e6 18. gxf7+ Rxf7 19. fxg5 Nf5 20. Qh5 Kf8 21. g6
Rg7 22. Bg5 Qd7 23. Qh8+ Rg8 24. Qf6+ Ke8 1-0

[Event "17. Open de la Constitución 2015"]
[Site "San Sebastian de los Reyes ES"]
[Date "2015.12.02"]
[Round "3.5"]
[White "Marin Aso, Jose Luis"]
[Black "Lozano Suarez, Luis Miguel"]
[Result "1-0"]
[WhiteElo "1775"]
[BlackElo "2136"]
[PlyCount "53"]
[EventDate "2015.11.30"]
[EventType "swiss"]
[EventRounds "9"]
[EventCountry "ESP"]
[Source "lmi"]
[SourceDate "2015.11.30"]

1. e4 d5 2. exd5 Qxd5 3. Nf3 Nf6 4. d4 Bg4 5. Be2 e6 6. c4 Qh5 7. Nc3 Nc6 8.
Be3 O-O-O 9. Qa4 Bd6 10. c5 Be7 11. b4 e5 12. b5 Nxd4 13. Qxa7 Bxc5 14. Qxc5
Nc2+ 15. Kf1 Nxa1 16. b6 c6 17. Qe7 Ne8 18. Qa3 Nd6 19. Bc5 Nc2 20. Qa4 Nd4 21.
Bxd6 Nxe2 22. Nxe5 Ng3+ 23. Ke1 Qxe5+ 24. Bxe5 Nxh1 25. Qxg4+ Rd7 26. Qa4 Kd8
27. Qa8+ 1-0

[Event "17. Open de la Constitución 2015"]
[Site "San Sebastian de los Reyes ES"]
[Date "2015.12.02"]
[Round "3.6"]
[White "Alvarez Abejon, Amilcar"]
[Black "Sirera Ripoll, Jose Luis"]
[Result "1-0"]
[WhiteElo "2055"]
[BlackElo "1769"]
[PlyCount "91"]
[EventDate "2015.11.30"]
[EventType "swiss"]
[EventRounds "9"]
[EventCountry "ESP"]
[Source "lmi"]
[SourceDate "2015.11.30"]

1. c4 c5 2. Nc3 Nc6 3. g3 g6 4. Bg2 Bg7 5. Nf3 d6 6. O-O Nf6 7. d4 cxd4 8. Nxd4
Nxd4 9. Qxd4 O-O 10. Bg5 Be6 11. Qf4 Qc7 12. b3 a6 13. Rac1 Rfe8 14. c5 Qxc5
15. Bxf6 exf6 16. Nd5 Qa5 17. Nc7 g5 18. Qa4 Qxa4 19. bxa4 Bxa2 20. Bxb7 Rab8
21. Nxe8 Rxe8 22. Bxa6 h5 23. Bc4 Bxc4 24. Rxc4 Rxe2 25. Ra1 f5 26. Ra3 d5 27.
Rc8+ Kh7 28. Kf1 Rb2 29. a5 g4 30. a6 Bd4 31. a7 Rxf2+ 32. Ke1 Bxa7 33. Rxa7
Rxh2 34. Rxf7+ Kg6 35. Rd7 h4 36. Rc6+ Kg5 37. Rg7+ Kh5 38. Rh7+ Kg5 39. Rxh4
Rxh4 40. gxh4+ Kxh4 41. Kf2 Kg5 42. Rd6 Kf4 43. Rxd5 Ke4 44. Rd8 f4 45. Rg8 Kf5
46. Rg7 1-0

[Event "17. Open de la Constitución 2015"]
[Site "San Sebastian de los Reyes ES"]
[Date "2015.12.02"]
[Round "3.7"]
[White "Rodriguez Bernal, Herman"]
[Black "Esquivias Gomez, Francisco J"]
[Result "1/2-1/2"]
[WhiteElo "1773"]
[BlackElo "2029"]
[PlyCount "55"]
[EventDate "2015.11.30"]
[EventType "swiss"]
[EventRounds "9"]
[EventCountry "ESP"]
[Source "lmi"]
[SourceDate "2015.11.30"]

1. d4 g6 2. Nf3 Bg7 3. c4 f5 4. Nc3 Nf6 5. Bg5 c6 6. e3 O-O 7. Bd3 d6 8. Bxf6
Bxf6 9. Qc2 Bg7 10. O-O-O Nd7 11. h4 Nf6 12. h5 Nxh5 13. g4 fxg4 14. Ng5 Nf6
15. Rh2 Qa5 16. Nxh7 Nxh7 17. Bxg6 Ng5 18. Bh7+ Nxh7 19. Qxh7+ Kf7 20. Rh5 Rh8
21. Qxh8 Bxh8 22. Rxa5 Bd7 23. Rh1 Bg7 24. Rg5 Rh8 25. Rxh8 Bxh8 26. Kd2 Bf6
27. Rh5 Kg6 28. Rh1 1/2-1/2

[Event "17. Open de la Constitución 2015"]
[Site "San Sebastian de los Reyes ES"]
[Date "2015.12.02"]
[Round "3.8"]
[White "Gueler Berdasco, Martin"]
[Black "Galan Aguado, Fernando"]
[Result "1/2-1/2"]
[WhiteElo "1901"]
[BlackElo "1720"]
[PlyCount "48"]
[EventDate "2015.11.30"]
[EventType "swiss"]
[EventRounds "9"]
[EventCountry "ESP"]
[Source "lmi"]
[SourceDate "2015.11.30"]

1. b4 e5 2. Bb2 d6 3. c4 f5 4. g3 Nf6 5. Bg2 Be7 6. d3 c6 7. Nf3 Qc7 8. O-O Be6
9. Nc3 Nbd7 10. Ng5 Bg8 11. b5 c5 12. a4 h6 13. Nf3 Be6 14. Nh4 Nf8 15. a5 Rb8
16. Qa4 Kf7 17. Rfb1 g5 18. Nf3 N8d7 19. Nd2 h5 20. Nf1 h4 21. Ne3 f4 22. Ned5
Qd8 23. gxf4 gxf4 24. h3 Qg8 1/2-1/2

[Event "17. Open de la Constitución 2015"]
[Site "San Sebastian de los Reyes ES"]
[Date "2015.12.02"]
[Round "3.9"]
[White "Tarrio Ocana, Jose Manuel"]
[Black "Garcia Minguez, Antonio"]
[Result "1-0"]
[WhiteElo "1829"]
[BlackElo "1572"]
[PlyCount "45"]
[EventDate "2015.11.30"]
[EventType "swiss"]
[EventRounds "9"]
[EventCountry "ESP"]
[Source "lmi"]
[SourceDate "2015.11.30"]

1. e4 c5 2. Nc3 Nc6 3. Bb5 a6 4. Bxc6 bxc6 5. f4 e6 6. Nf3 d5 7. d4 Nf6 8. e5
Nd7 9. Ne2 Be7 10. c3 Rb8 11. O-O O-O 12. Qe1 cxd4 13. cxd4 c5 14. Kh1 a5 15.
b3 Ba6 16. Bd2 cxd4 17. Bxa5 Qc8 18. Rc1 Qb7 19. Rc7 Bb4 20. Rxb7 Bxe1 21. Rxb8
Bxe2 22. Rxf8+ Kxf8 23. Rxe1 1-0

[Event "17. Open de la Constitución 2015"]
[Site "San Sebastian de los Reyes ES"]
[Date "2015.12.02"]
[Round "3.10"]
[White "Bartolome Martin, Angel"]
[Black "Roa Alonso, Santiago"]
[Result "0-1"]
[WhiteElo "1749"]
[BlackElo "2380"]
[PlyCount "60"]
[EventDate "2015.11.30"]
[EventType "swiss"]
[EventRounds "9"]
[EventCountry "ESP"]
[Source "lmi"]
[SourceDate "2015.11.30"]

1. e4 e6 2. d4 d5 3. Nd2 Nf6 4. e5 Nfd7 5. Bd3 c5 6. c3 Nc6 7. Ngf3 cxd4 8.
cxd4 f6 9. O-O fxe5 10. Nxe5 Ndxe5 11. dxe5 g6 12. f4 Bd7 13. Qg4 Qb6+ 14. Kh1
O-O-O 15. a3 Nd4 16. b4 Bb5 17. Bxb5 Qxb5 18. Bb2 Nf5 19. Rac1+ Kb8 20. Qf3 Be7
21. Nb3 Rc8 22. Nd4 Nxd4 23. Bxd4 Rc4 24. Qf2 b6 25. Rc3 Rxd4 26. Rfc1 Rc4 27.
Rxc4 dxc4 28. Qf3 Rd8 29. h3 Rd3 30. Qg4 Qd5 0-1

[Event "17. Open de la Constitución 2015"]
[Site "San Sebastian de los Reyes ES"]
[Date "2015.12.02"]
[Round "3.11"]
[White "Rodenas Riesco, Alfonso"]
[Black "Karunanithi, Bharath"]
[Result "1-0"]
[WhiteElo "1502"]
[BlackElo "1247"]
[PlyCount "69"]
[EventDate "2015.11.30"]
[EventType "swiss"]
[EventRounds "9"]
[EventCountry "ESP"]
[Source "lmi"]
[SourceDate "2015.11.30"]

1. d4 Nf6 2. Nf3 e6 3. c4 c5 4. e3 d5 5. Nc3 Nc6 6. a3 a6 7. Be2 Be7 8. O-O O-O
9. b3 b6 10. Bb2 Bb7 11. dxc5 bxc5 12. Qc2 d4 13. Rfd1 Qb6 14. Na4 Qc7 15. exd4
Nxd4 16. Nxd4 cxd4 17. Bxd4 Be4 18. Qc3 Qf4 19. Be5 Qg5 20. Bg3 Rfc8 21. Bf3
Nd5 22. Qe1 Bxf3 23. gxf3 Nc7 24. Kh1 Ne8 25. Nb6 Bf6 26. Rab1 Rc7 27. Bxc7
Nxc7 28. Nd7 Rc8 29. Nxf6+ Qxf6 30. Qe3 e5 31. Rg1 Ne6 32. Rbe1 h6 33. Qxe5
Qxf3+ 34. Rg2 Nf4 35. Qxg7# 1-0

[Event "17. Open de la Constitución 2015"]
[Site "San Sebastian de los Reyes ES"]
[Date "2015.12.02"]
[Round "3.13"]
[White "Martinez Miura, Enrique"]
[Black "Cabanas Bravo, Juan Andres"]
[Result "0-1"]
[WhiteElo "1611"]
[BlackElo "2012"]
[PlyCount "90"]
[EventDate "2015.11.30"]
[EventType "swiss"]
[EventRounds "9"]
[EventCountry "ESP"]
[Source "lmi"]
[SourceDate "2015.11.30"]

1. Nf3 Nf6 2. d4 g6 3. c4 Bg7 4. Nc3 d5 5. e3 O-O 6. Bd3 c5 7. cxd5 cxd4 8.
Nxd4 Nxd5 9. O-O Nxc3 10. bxc3 Nd7 11. Ba3 Ne5 12. Be2 Bd7 13. Rb1 b6 14. Qd2
Rc8 15. Rfd1 Ba4 16. Nb3 Qc7 17. Ba6 Ng4 18. g3 Rcd8 19. Qe2 h5 20. c4 Qe5 21.
Bb5 Bxb5 22. cxb5 Qe4 23. Bb2 Bxb2 24. Rxb2 Ne5 25. Nd4 Rd6 26. f3 Qb7 27. Rc2
Rc8 28. Rxc8+ Qxc8 29. f4 Qg4 30. Qc2 Nc4 31. Re1 Nxe3 32. Rxe3 Rxd4 33. Rxe7
h4 34. Re8+ Kh7 35. Qe2 Rd1+ 36. Kf2 Qd7 37. Re7 Qd4+ 38. Kf3 Qd5+ 39. Kg4 Qf5+
40. Kf3 Qd5+ 41. Kg4 Rd2 42. Rxf7+ Kh6 43. Qe7 Qh5+ 44. Kh3 hxg3+ 45. Kxg3
Qxh2+ 0-1

[Event "17. Open de la Constitución 2015"]
[Site "San Sebastian de los Reyes ES"]
[Date "2015.12.02"]
[Round "3.14"]
[White "Marcos Herrero, Francisco"]
[Black "Garcia Lopez, Fernando"]
[Result "1-0"]
[WhiteElo "1992"]
[BlackElo "1644"]
[PlyCount "75"]
[EventDate "2015.11.30"]
[EventType "swiss"]
[EventRounds "9"]
[EventCountry "ESP"]
[Source "lmi"]
[SourceDate "2015.11.30"]

1. d4 Nf6 2. Nf3 g6 3. g3 d5 4. Bg2 Bg7 5. O-O O-O 6. b3 c5 7. Bb2 b6 8. c4 e6
9. Nbd2 Bb7 10. Rc1 Nc6 11. dxc5 bxc5 12. cxd5 Nxd5 13. Bxg7 Kxg7 14. Rxc5 Qb6
15. Qa1+ Kg8 16. Rfc1 Rac8 17. Ne4 Nce7 18. Ne5 Rxc5 19. Nxc5 Rd8 20. Ned7 Qb5
21. e4 Rxd7 22. Nxd7 Qxd7 23. exd5 Bxd5 24. Qe5 Bxg2 25. Kxg2 Nd5 26. Qd4 Qb7
27. Kg1 Qd7 28. b4 Qb7 29. b5 f6 30. Qc5 Kf7 31. a4 Qb8 32. Qc6 Ke7 33. a5 Qd8
34. b6 axb6 35. a6 b5 36. a7 Nb6 37. Qb7+ Ke8 38. Rc8 1-0

[Event "17. Open de la Constitución 2015"]
[Site "San Sebastian de los Reyes ES"]
[Date "2015.12.02"]
[Round "3.16"]
[White "Clavero Alarcon, Jose Miguel"]
[Black "Alameda Arellano, Cristeto"]
[Result "1-0"]
[WhiteElo "1873"]
[BlackElo "1545"]
[PlyCount "89"]
[EventDate "2015.11.30"]
[EventType "swiss"]
[EventRounds "9"]
[EventCountry "ESP"]
[Source "lmi"]
[SourceDate "2015.11.30"]

1. c4 c6 2. g3 Nf6 3. Bg2 g6 4. Nc3 Bg7 5. e4 e5 6. Nge2 d6 7. O-O Be6 8. d3
Qd7 9. f4 Bh3 10. Qc2 Bxg2 11. Kxg2 c5 12. Be3 Nc6 13. Bg1 h5 14. fxe5 Nxe5 15.
Nf4 h4 16. g4 Qxg4+ 17. Kh1 Nh5 18. Nxh5 Rxh5 19. Nd5 O-O-O 20. d4 Nxc4 21. Rf4
Qe6 22. Qxc4 Bh6 23. dxc5 Bxf4 24. cxd6+ Kd7 25. Qc7+ Ke8 26. d7+ Rxd7 27. Qc8+
Rd8 28. Qxe6+ fxe6 29. Nf6+ Ke7 30. Nxh5 gxh5 31. Bc5+ Kf6 32. Kg2 Rd2+ 33. Kf3
Ke5 34. Bxa7 Rxb2 35. Bb8+ Kd4 36. Bxf4 e5 37. Rd1+ Kc4 38. Bxe5 Rxa2 39. Bd6
b5 40. Ke3 b4 41. Rc1+ Kb5 42. Rb1 Ra4 43. Rxb4+ Rxb4 44. Bxb4 Kxb4 45. Kd4 1-0

[Event "17. Open de la Constitución 2015"]
[Site "San Sebastian de los Reyes ES"]
[Date "2015.12.02"]
[Round "3.18"]
[White "Camarero Izquierdo, Juan Carlos"]
[Black "Salgado Nogal, Marcos"]
[Result "1-0"]
[WhiteElo "1825"]
[BlackElo "1467"]
[PlyCount "47"]
[EventDate "2015.11.30"]
[EventType "swiss"]
[EventRounds "9"]
[EventCountry "ESP"]
[Source "lmi"]
[SourceDate "2015.11.30"]

1. d4 d5 2. Nc3 Nf6 3. Bg5 e6 4. e4 Be7 5. Bxf6 Bxf6 6. e5 Be7 7. Qg4 O-O 8.
O-O-O c5 9. dxc5 Bxc5 10. f4 Qe7 11. h4 Nc6 12. Nh3 f5 13. Qh5 Qf7 14. Qf3 h6
15. Bd3 Bd7 16. g4 fxg4 17. Qxg4 Nb4 18. Bg6 Qe7 19. Kb1 Be8 20. a3 Nc6 21. Bd3
Bd7 22. Qg6 Rfd8 23. Qh7+ Kf8 24. Bg6 1-0

[Event "17. Open de la Constitución 2015"]
[Site "San Sebastian de los Reyes ES"]
[Date "2015.12.02"]
[Round "3.20"]
[White "Lopez Ziegler, Juan Jose"]
[Black "Guillo Longares, Cecilia"]
[Result "1/2-1/2"]
[WhiteElo "1543"]
[BlackElo "1815"]
[PlyCount "53"]
[EventDate "2015.11.30"]
[EventType "swiss"]
[EventRounds "9"]
[EventCountry "ESP"]
[Source "lmi"]
[SourceDate "2015.11.30"]

1. d4 Nf6 2. Bf4 c5 3. e3 g6 4. Be2 Bg7 5. c3 b6 6. Nd2 Bb7 7. Ngf3 O-O 8. h3
d6 9. O-O Nbd7 10. Qb3 Qc7 11. Rac1 a6 12. Bh2 b5 13. Qc2 Rfc8 14. Rfe1 Qa5 15.
a3 b4 16. axb4 cxb4 17. c4 Qb6 18. Ra1 a5 19. b3 Nd5 20. Nb1 Qc6 21. Bd3 N5b6
22. Nbd2 e5 23. Qb1 exd4 24. Be4 d5 25. cxd5 Nxd5 26. exd4 Qa6 27. Nc4 1/2-1/2

[Event "17. Open de la Constitución 2015"]
[Site "San Sebastian de los Reyes ES"]
[Date "2015.12.02"]
[Round "3.21"]
[White "Anton Quevedo, Andrea"]
[Black "Mehalingam, Karunanithi"]
[Result "1-0"]
[WhiteElo "1810"]
[BlackElo "1449"]
[PlyCount "64"]
[EventDate "2015.11.30"]
[EventType "swiss"]
[EventRounds "9"]
[EventCountry "ESP"]
[Source "lmi"]
[SourceDate "2015.11.30"]

1. e4 c5 2. d4 cxd4 3. c3 dxc3 4. Nxc3 Nc6 5. Nf3 Nf6 6. Bc4 e6 7. Qe2 d6 8.
O-O Be7 9. Rd1 Bd7 10. Bg5 a6 11. Bb3 Qc7 12. Rac1 h6 13. Bxf6 gxf6 14. Nd5 Qa5
15. Nxe7 Kxe7 16. Qd3 Qc7 17. Nd2 b5 18. a4 Rab8 19. axb5 axb5 20. Nf1 Rb6 21.
f4 Qb8 22. Ne3 h5 23. Qe2 Ra6 24. Kh1 Qa7 25. Qd2 Nd8 26. Nc2 Nb7 27. Nb4 Rb6
28. e5 f5 29. Qd4 Nc5 30. exd6+ Rxd6 31. Qxd6+ Ke8 32. Rxc5 Kd8 1-0

[Event "17. Open de la Constitución 2015"]
[Site "San Sebastian de los Reyes ES"]
[Date "2015.12.02"]
[Round "3.22"]
[White "Infante Martin, Alonso"]
[Black "Alvarez Gonzalez, Eduardo"]
[Result "0-1"]
[WhiteElo "1457"]
[BlackElo "1779"]
[PlyCount "126"]
[EventDate "2015.11.30"]
[EventType "swiss"]
[EventRounds "9"]
[EventCountry "ESP"]
[Source "lmi"]
[SourceDate "2015.11.30"]

1. d4 Nf6 2. c4 e6 3. Nc3 Bb4 4. Qc2 c5 5. e3 cxd4 6. exd4 d5 7. a3 Bxc3+ 8.
bxc3 b6 9. Bg5 Bb7 10. cxd5 Bxd5 11. f3 O-O 12. Bd3 h6 13. Bh4 Nbd7 14. Ne2 Bb7
15. O-O Qc8 16. a4 Qc6 17. Bb5 Qd6 18. c4 Rac8 19. Rac1 a6 20. Bxd7 Nxd7 21.
Bf2 Qe7 22. Qb3 Bc6 23. Rfe1 Qg5 24. Ng3 Qa5 25. Ra1 Rfd8 26. Ne4 Bxe4 27. fxe4
Rc7 28. Rac1 Rdc8 29. Re2 b5 30. axb5 axb5 31. c5 b4 32. Ra2 Qb5 33. Be1 Nf6
34. Rc4 Nxe4 35. Bxb4 Qd7 36. Qe3 Nd6 37. Rc1 Nf5 38. Qf2 Qxd4 39. Qxd4 Nxd4
40. Kf2 Nb3 41. Rc4 Nxc5 42. Ke3 Nd7 43. Rxc7 Rxc7 44. Ra5 Nf6 45. Kf3 Nd5 46.
Bd2 Kh7 47. Ra3 Kg6 48. h3 h5 49. g4 hxg4+ 50. hxg4 Rc2 51. Ke2 Nf6 52. Kd3 Rc5
53. Ra4 Rb5 54. Bc3 Nd5 55. Bd2 Rb3+ 56. Kc2 Rg3 57. Rd4 Nf6 58. g5 Nh7 59. Bf4
Rg2+ 60. Kc3 Nxg5 61. Kd3 Rg4 62. Re4 Nxe4 63. Kxe4 f6 0-1

[Event "17. Open de la Constitución 2015"]
[Site "San Sebastian de los Reyes ES"]
[Date "2015.12.02"]
[Round "3.23"]
[White "Perez Gonzalez, Jesus Miguel"]
[Black "Medina Balenciaga, Patricio"]
[Result "1-0"]
[WhiteElo "1731"]
[BlackElo "1416"]
[PlyCount "65"]
[EventDate "2015.11.30"]
[EventType "swiss"]
[EventRounds "9"]
[EventCountry "ESP"]
[Source "lmi"]
[SourceDate "2015.11.30"]

1. g3 e6 2. Bg2 d5 3. Nf3 Bd6 4. O-O Nf6 5. c4 c6 6. cxd5 cxd5 7. Nc3 Nc6 8. d4
h6 9. a3 a6 10. b4 b5 11. Bb2 O-O 12. Re1 Bd7 13. e4 dxe4 14. Nxe4 Nxe4 15.
Rxe4 f5 16. Re2 Be7 17. Ne5 Rc8 18. Ng6 Rf7 19. d5 Bf6 20. dxc6 Bxb2 21. Rxb2
Qf6 22. cxd7 Rd8 23. Rd2 Qxg6 24. Rc1 Rff8 25. Rc8 Qf6 26. Bb7 e5 27. Rd6 Qe7
28. Bxa6 Kh7 29. Bxb5 Rf6 30. Rxf6 Qxf6 31. Qd5 f4 32. Rxd8 Qxd8 33. Bc4 1-0

[Event "17. Open de la Constitución 2015"]
[Site "San Sebastian de los Reyes ES"]
[Date "2015.12.02"]
[Round "3.24"]
[White "Llamas Martinez, Pablo"]
[Black "Minguela Munoz, Bienvenido"]
[Result "0-1"]
[WhiteElo "1422"]
[BlackElo "1726"]
[PlyCount "68"]
[EventDate "2015.11.30"]
[EventType "swiss"]
[EventRounds "9"]
[EventCountry "ESP"]
[Source "lmi"]
[SourceDate "2015.11.30"]

1. e4 c5 2. Nf3 Nc6 3. Bc4 e6 4. O-O a6 5. a3 b5 6. Ba2 Bb7 7. d3 Be7 8. Bd2
Bf6 9. Nc3 Nge7 10. Re1 Ng6 11. b4 cxb4 12. axb4 Qc7 13. Ne2 Bxa1 14. Qxa1 O-O
15. Rc1 d6 16. d4 Nce7 17. c4 Bxe4 18. cxb5 Qa7 19. Be3 axb5 20. Nc3 Bd5 21.
Rc2 Qb7 22. Qd1 Bxa2 23. Nxa2 Nd5 24. Bg5 Ra4 25. Nd2 Nxb4 26. Rb2 Rxa2 27.
Rxb4 Rfa8 28. Qe2 Ra1+ 29. Nf1 R1a4 30. h3 R8a5 31. Rb2 b4 32. Qd2 b3 33. Qc3
Rxg5 34. Rxb3 Qxg2# 0-1

[Event "17. Open de la Constitución 2015"]
[Site "San Sebastian de los Reyes ES"]
[Date "2015.12.02"]
[Round "3.28"]
[White "Asins Martin, Jose"]
[Black "Penas Merino, Ramona"]
[Result "1-0"]
[WhiteElo "1250"]
[BlackElo "1406"]
[PlyCount "100"]
[EventDate "2015.11.30"]
[EventType "swiss"]
[EventRounds "9"]
[EventCountry "ESP"]
[Source "lmi"]
[SourceDate "2015.11.30"]

1. d4 d5 2. Bf4 e6 3. Nf3 Nf6 4. e3 Bd6 5. Ne5 c5 6. c4 dxc4 7. dxc5 Bxc5 8.
Qxd8+ Kxd8 9. Nxf7+ Ke7 10. Nxh8 Bd7 11. Bxc4 Nc6 12. Ng6+ hxg6 13. a3 Rf8 14.
Bg3 Ng4 15. O-O Nge5 16. Bxe5 Nxe5 17. Be2 Bc6 18. b4 Bd6 19. b5 Bd7 20. Nc3
Rh8 21. f4 Nf7 22. a4 g5 23. Ne4 Bb8 24. g3 gxf4 25. exf4 e5 26. f5 Nh6 27. g4
a6 28. b6 Bc6 29. Ng3 Bd6 30. g5 Bc5+ 31. Rf2 Bxf2+ 32. Kxf2 Nf7 33. g6 Ng5 34.
Nf1 Kf6 35. Bg4 Ne4+ 36. Ke3 Nd6 37. Ng3 Rxh2 38. Bf3 Bxf3 39. Kxf3 Rc2 40.
Ne4+ Nxe4 41. Kxe4 Rc4+ 42. Kd5 Rc2 43. Ke4 a5 44. Rd1 Rc6 45. Rd7 Rxb6 46.
Rf7+ Kg5 47. Kxe5 Rb2 48. Kd6 Rb4 49. Ke7 Rf4 50. f6 Re4+ 1-0

[Event "17. Open de la Constitución 2015"]
[Site "San Sebastian de los Reyes ES"]
[Date "2015.12.02"]
[Round "3.30"]
[White "Stefanescu, Iulian"]
[Black "Cortijo Manso, Luis"]
[Result "1-0"]
[WhiteElo "1652"]
[BlackElo "1505"]
[PlyCount "129"]
[EventDate "2015.11.30"]
[EventType "swiss"]
[EventRounds "9"]
[EventCountry "ESP"]
[Source "lmi"]
[SourceDate "2015.11.30"]

1. d4 Nf6 2. c4 c5 3. d5 b5 4. e3 bxc4 5. Bxc4 d6 6. Nc3 g6 7. Nge2 Bg7 8. O-O
O-O 9. f3 Nbd7 10. Ng3 Nb6 11. Be2 a5 12. e4 a4 13. Qc2 Nfd7 14. Rb1 Ne5 15. b3
Bd7 16. h3 axb3 17. axb3 c4 18. bxc4 Nexc4 19. Qd3 Na5 20. Be3 Nc8 21. Rfc1 e6
22. Nb5 Rb8 23. Nf1 Nb7 24. Nd2 Nc5 25. Bxc5 dxc5 26. Rxc5 Qf6 27. d6 Nb6 28.
e5 Qg5 29. Ne4 Qd8 30. f4 Nd5 31. g3 Qa5 32. Nbc3 Rxb1+ 33. Qxb1 Qa7 34. Kh2
Nxc3 35. Rxc3 Rb8 36. Rb3 Rxb3 37. Qxb3 Bc6 38. Qd3 Bxe4 39. Qxe4 Qf2+ 40. Kh1
Qa7 41. Kg2 Kf8 42. h4 h6 43. Qb4 Kg8 44. Qb5 Qa8+ 45. Bf3 Qa2+ 46. Kh3 Qa3 47.
Qc6 Qd3 48. Bg2 Bf8 49. d7 Be7 50. Qc8+ Kg7 51. Qe8 Qf5+ 52. Kh2 Bxh4 53. d8=Q
Bxd8 54. Qxd8 Qh5+ 55. Kg1 Qe2 56. Qf6+ Kg8 57. Qh4 Qd1+ 58. Kh2 Qh5 59. Qxh5
gxh5 60. Bf3 Kg7 61. Bxh5 f6 62. Bf3 Kg6 63. Be4+ Kf7 64. Kh3 f5 65. Bc6 1-0

[Event "17. Open de la Constitución 2015"]
[Site "San Sebastian de los Reyes ES"]
[Date "2015.12.02"]
[Round "3.31"]
[White "Guillo Sanchez-Galiano, Ernesto"]
[Black "Alfaya Martinez, Enrique"]
[Result "0-1"]
[WhiteElo "1201"]
[BlackElo "1586"]
[PlyCount "84"]
[EventDate "2015.11.30"]
[EventType "swiss"]
[EventRounds "9"]
[EventCountry "ESP"]
[Source "lmi"]
[SourceDate "2015.11.30"]

1. d4 Nf6 2. Nf3 g6 3. c4 Bg7 4. Nc3 O-O 5. e4 d6 6. Be3 e5 7. dxe5 dxe5 8.
Qxd8 Rxd8 9. Nd5 Nxd5 10. cxd5 c6 11. O-O-O f5 12. dxc6 Rxd1+ 13. Kxd1 Nxc6 14.
Nd2 Be6 15. Bc4 Bxc4 16. Nxc4 fxe4 17. Kc1 Rd8 18. Rd1 Rxd1+ 19. Kxd1 Bf8 20.
Nd2 Kf7 21. Nxe4 h6 22. Bc5 Bxc5 23. Nxc5 b6 24. Ne4 Ke6 25. Ke2 Kf5 26. Nd6+
Kf4 27. h3 Nd4+ 28. Kd3 h5 29. Ne4 g5 30. f3 Nf5 31. Ke2 Ng3+ 32. Kd3 Nxe4 33.
fxe4 Kg3 34. Kc4 Kxg2 35. Kd5 Kxh3 36. Kxe5 g4 37. Kf4 g3 38. Kf3 g2 39. Kf2
Kh2 40. e5 g1=Q+ 41. Kf3 Qg4+ 42. Ke3 Kg2 0-1

[Event "17. Open de la Constitución 2015"]
[Site "San Sebastian de los Reyes ES"]
[Date "2015.12.03"]
[Round "4.1"]
[White "Perez Mitjans, Orelvis"]
[Black "Quevedo Marin, Manuel"]
[Result "1-0"]
[WhiteElo "2478"]
[BlackElo "2204"]
[PlyCount "117"]
[EventDate "2015.11.30"]
[EventType "swiss"]
[EventRounds "9"]
[EventCountry "ESP"]
[Source "lmi"]
[SourceDate "2015.11.30"]

1. e4 e5 2. Nf3 Nc6 3. Bb5 a6 4. Ba4 Nf6 5. d3 b5 6. Bb3 Bc5 7. a4 Rb8 8. O-O
d6 9. axb5 axb5 10. Be3 O-O 11. h3 Bxe3 12. fxe3 d5 13. exd5 Nxd5 14. Qe1 Be6
15. Nc3 Nxc3 16. Qxc3 Bxb3 17. Qxb3 Rb6 18. Rf2 Qe7 19. Nd2 Qc5 20. Rf3 Qb4 21.
c3 Qd6 22. d4 exd4 23. exd4 b4 24. Ne4 Qd8 25. Qc4 bxc3 26. bxc3 Ne7 27. Raf1
Rc6 28. Qd3 h6 29. c4 Ng6 30. Qc3 Re6 31. Ng3 Nh4 32. Rf4 Ng6 33. R4f2 Nh4 34.
d5 Rg6 35. Nh5 Qg5 36. Nf4 Rf6 37. Qd2 Re8 38. c5 Nf5 39. d6 Nxd6 40. cxd6 Rxd6
41. Qc3 c6 42. Re1 Rxe1+ 43. Qxe1 Qd8 44. Qe5 Rd1+ 45. Kh2 Qd4 46. Qxd4 Rxd4
47. Kg3 g6 48. Rc2 Rd6 49. Kf3 Kg7 50. Ke4 Kf6 51. Nd3 Kg5 52. Ne5 f5+ 53. Kf3
Rd4 54. Rxc6 Rf4+ 55. Kg3 Re4 56. Rxg6+ Kh5 57. Re6 Re1 58. Kf4 Rf1+ 59. Nf3
1-0

[Event "17. Open de la Constitución 2015"]
[Site "San Sebastian de los Reyes ES"]
[Date "2015.12.03"]
[Round "4.2"]
[White "Marin Aso, Jose Luis"]
[Black "Hernando Pertierra, Jose C"]
[Result "0-1"]
[WhiteElo "1775"]
[BlackElo "2374"]
[PlyCount "44"]
[EventDate "2015.11.30"]
[EventType "swiss"]
[EventRounds "9"]
[EventCountry "ESP"]
[Source "lmi"]
[SourceDate "2015.11.30"]

1. e4 g6 2. d4 Bg7 3. Nc3 c6 4. Nf3 d5 5. e5 Bg4 6. Bd3 e6 7. Bf4 Qb6 8. Na4
Qa5+ 9. c3 Bxf3 10. gxf3 Nd7 11. b4 Qc7 12. Qd2 a5 13. b5 Ne7 14. Rb1 O-O 15.
h4 h5 16. Rg1 cxb5 17. Rxb5 Qc6 18. Nc5 Nf5 19. Nxd7 Nxh4 20. Ke2 Qxd7 21. Rgb1
Ra7 22. Bg5 Nf5 0-1